[Event "FIDE World Uni Rapid-F 1st"]
[Site "Tornelo INT"]
[Date "2021.03.21"]
[Round "11"]
[White "Mangold, Noe"]
[Black "Elias Reyes, Jorge Roberto"]
[Result "0-1"]
[WhiteElo "1993"]
[BlackElo "2428"]
[PlyCount "58"]
[EventDate "2021.03.20"]
[EventType "swiss (rapid)"]
[EventRounds "12"]
[EventCountry "NET"]
[SourceTitle "EXT 2022"]
[Source "ChessBase"]
[SourceDate "2021.10.06"]
[SourceVersion "1"]
[SourceVersionDate "2021.10.06"]
[SourceQuality "1"]

1. d4 Nf6 2. c4 c5 3. d5 b5 4. cxb5 a6 5. bxa6 g6 6. Nc3 Bg7 7. e4 0-0 8. Nf3 Qa5 9. Qc2 Nxe4 10. Qxe4 Bxc3+ 11. Bd2 Bxd2+ 12. Nxd2 Bxa6 13. Bxa6 Nxa6 14. Rd1 Qxa2 15. 0-0 e6 16. Nc4 Nb4 17. dxe6 d5 18. Rxd5 Nxd5 19. Qxd5 fxe6 20. Qxe6+ Rf7 21. Rd1 Qb3 22. Qd5 Re8 23. h4 Qc2 24. Rd2 Qf5 25. Qc6 Re1+ 26. Kh2 Qf4+ 27. g3 Qxc4 28. Rd8+ Kg7 29. Rd2 Qe4 0-1

[Event "FIDE World Uni Rapid-F 1st"]
[Site "Tornelo INT"]
[Date "2021.03.20"]
[Round "6"]
[White "Mangold, Noe"]
[Black "Santos, Ricardo Alexandre L"]
[Result "1-0"]
[WhiteElo "1993"]
[BlackElo "2121"]
[PlyCount "41"]
[EventDate "2021.03.20"]
[EventType "swiss (rapid)"]
[EventRounds "12"]
[EventCountry "NET"]
[SourceTitle "EXT 2022"]
[Source "ChessBase"]
[SourceDate "2021.10.06"]
[SourceVersion "1"]
[SourceVersionDate "2021.10.06"]
[SourceQuality "1"]

1. d4 Nf6 2. c4 g6 3. Nc3 d5 4. cxd5 Nxd5 5. e4 Nxc3 6. bxc3 Bg7 7. Qa4+ Nd7 8. Nf3 0-0 9. Be2 c5 10. 0-0 cxd4 11. cxd4 Nc5 12. dxc5 Bxa1 13. e5 Bc3 14. Bh6 Re8 15. Rc1 Bd7 16. Qh4 Qa5 17. Bc4 Rac8 18. Ng5 e6 19. Nxh7 Bxe5 20. Nf6+ Kh8 21. Bf8# 1-0

[Event "FIDE World Uni Rapid-F 1st"]
[Site "Tornelo INT"]
[Date "2021.03.20"]
[Round "3"]
[White "Mangold, Noe"]
[Black "Sliwicka, Alicja"]
[Result "0-1"]
[WhiteElo "1993"]
[BlackElo "2346"]
[PlyCount "50"]
[EventDate "2021.03.20"]
[EventType "swiss (rapid)"]
[EventRounds "12"]
[EventCountry "NET"]
[SourceTitle "EXT 2022"]
[Source "ChessBase"]
[SourceDate "2021.10.06"]
[SourceVersion "1"]
[SourceVersionDate "2021.10.06"]
[SourceQuality "1"]

1. d4 Nf6 2. c4 c5 3. d5 b5 4. cxb5 a6 5. bxa6 Bxa6 6. Nc3 g6 7. e4 Bxf1 8. Kxf1 d6 9. g3 Bg7 10. Kg2 0-0 11. Nf3 Nbd7 12. h3 Ra6 13. a4 Qa8 14. Qc2 Rb8 15. Bd2 Rb4 16. Rhb1 e6 17. Ra3 Qb7 18. dxe6 fxe6 19. Ng5 d5 20. Nb5 Rc4 21. Qd3 Ne5 22. Qe2 h6 23. exd5 hxg5 24. Qxe5 Nxd5 25. Nd6 Ne3+ 0-1

[Event "FIDE World Uni Blitz-A 1st"]
[Site "Tornelo INT"]
[Date "2021.03.13"]
[Round "10.21"]
[White "Mangold, Noe"]
[Black "Easton, Jack R"]
[Result "0-1"]
[WhiteElo "1993"]
[BlackElo "2175"]
[PlyCount "126"]
[EventDate "2021.03.13"]
[EventType "swiss (blitz)"]
[EventRounds "10"]
[EventCountry "NET"]
[SourceTitle "EXT 2022"]
[Source "ChessBase"]
[SourceDate "2021.10.06"]
[SourceVersion "1"]
[SourceVersionDate "2021.10.06"]
[SourceQuality "1"]

1. d4 d5 2. Nf3 Nf6 3. g3 Bg4 4. Bg2 Nbd7 5. 0-0 c6 6. b3 e6 7. Bb2 Be7 8. Nbd2 0-0 9. c4 a5 10. a4 Re8 11. Ne5 Nxe5 12. dxe5 Nd7 13. h3 Bh5 14. f4 Bg6 15. Kh2 Qb6 16. g4 Bb4 17. Nf3 Be4 18. Bd4 Bc5 19. e3 Rad8 20. Rc1 Qa7 21. cxd5 cxd5 22. Bxc5 Nxc5 23. Nd4 Bxg2 24. Kxg2 Ne4 25. Qd3 Rc8 26. Nb5 Qb6 27. Rc2 Rxc2+ 28. Qxc2 Qxe3 29. Rf3 Qe1 30. Nd6 Rd8 31. Nxe4 dxe4 32. Rf2 Qe3 33. Re2 Qf3+ 34. Kh2 Qxf4+ 35. Kg2 Qf3+ 36. Kh2 h5 37. Qxe4 hxg4 38. hxg4 Qxe4 39. Rxe4 Rd2+ 40. Kg1 Rb2 41. Re3 Kf8 42. Rc3 b6 43. Kf1 g5 44. Ke1 Kg7 45. Kd1 Kg6 46. Kc1 Re2 47. Rc6 Rxe5 48. Rxb6 f5 49. gxf5+ Kxf5 50. Rb5 g4 51. Rb8 g3 52. Rg8 Kf4 53. Kd2 Rg5 54. Rf8+ Ke4 55. Re8 g2 56. Rxe6+ Kd5 57. Re1 g1Q 58. Rxg1 Rxg1 59. Kc3 Rg3+ 60. Kb2 Kc5 61. Kc2 Kb4 62. Kb2 Rg2+ 63. Ka1 Kxb3 0-1

[Event "FRA-ch U16"]
[Site "Montbeliard"]
[Date "2014.04.21"]
[Round "2"]
[White "Rakotomaharo, Fy Antenaina"]
[Black "Mangold, Noe"]
[Result "1-0"]
[WhiteElo "2045"]
[BlackElo "1816"]
[PlyCount "83"]
[EventDate "2014.04.20"]
[EventType "swiss"]
[EventRounds "9"]
[EventCountry "FRA"]
[SourceTitle "CBM 160 Extra"]
[Source "ChessBase"]
[SourceDate "2014.07.01"]
[SourceVersion "1"]
[SourceVersionDate "2014.07.01"]
[SourceQuality "1"]

1. d4 d5 2. Bg5 Nf6 3. Bxf6 exf6 4. e3 Bd6 5. c4 c6 6. Nc3 dxc4 7. Bxc4 0-0 8. Nf3 Bg4 9. h3 Bh5 10. g4 Bg6 11. Nh4 Kh8 12. Qb3 b5 13. Be2 Nd7 14. Bf3 Rc8 15. Nf5 Nb6 16. a4 bxa4 17. Nxa4 Nd5 18. Nxd6 Qxd6 19. Bxd5 Rb8 20. Qa2 Qb4+ 21. Nc3 cxd5 22. 0-0 f5 23. Qxa7 fxg4 24. hxg4 Qxb2 25. Qa3 Qb7 26. Qd6 Rbd8 27. Qf4 f5 28. g5 Qb2 29. Na4 Qe2 30. Nc5 Rde8 31. Rfe1 Qh5 32. Kg2 Kg8 33. f3 h6 34. gxh6 gxh6 35. Kf2 Qg5 36. Qxg5 hxg5 37. Ra6 Kf7 38. Nd7 Rh8 39. Ne5+ Rxe5 40. dxe5 Rh2+ 41. Kg3 Rd2 42. Rc1 1-0

[Event "Besancon op"]
[Site "Besancon"]
[Date "2014.??.??"]
[Round "4"]
[White "Mangold, Noe"]
[Black "Sonnet, Jean Pierre"]
[Result "0-1"]
[WhiteElo "1990"]
[BlackElo "2080"]
[PlyCount "66"]
[EventDate "2014.10.29"]
[EventType "swiss"]
[EventRounds "7"]
[EventCountry "FRA"]
[SourceTitle "EXT 2016"]
[Source "ChessBase"]
[SourceDate "2015.10.08"]
[SourceVersion "1"]
[SourceVersionDate "2015.10.08"]
[SourceQuality "1"]

1. d4 Nf6 2. c4 g6 3. Nc3 Bg7 4. e4 d6 5. Bg5 0-0 6. h3 Nbd7 7. Qd2 c5 8. d5 b5 9. cxb5 a6 10. Nf3 Qa5 11. a4 Qb4 12. Qc2 Nxe4 13. Bd2 Nxd2 14. Nxd2 Ne5 15. g4 f5 16. g5 f4 17. 0-0-0 axb5 18. Bxb5 Bf5 19. Nde4 Nf3 20. Rhe1 Nd4 21. Qd3 Rfb8 22. Na2 Qa5 23. Nac3 Nxb5 24. axb5 Qb4 25. f3 Ra1+ 26. Kc2 c4 27. Qxc4 Qxc4 28. Rxa1 Rxb5 29. Ra8+ Kf7 30. Kc1 Bxe4 31. Rxe4 Qf1+ 32. Kc2 Bxc3 33. Rxf4+ Kg7 0-1

[Event "FRA-ch U16"]
[Site "Saint Paul Trois Chateaux"]
[Date "2013.05.02"]
[Round "5"]
[White "Mangold, Noe"]
[Black "Micottis, Dorian"]
[Result "0-1"]
[WhiteElo "1796"]
[BlackElo "2050"]
[PlyCount "108"]
[EventDate "2013.04.28"]
[EventType "swiss"]
[EventRounds "9"]
[EventCountry "FRA"]
[SourceTitle "CBM 154 Extra"]
[Source "ChessBase"]
[SourceDate "2013.06.25"]
[SourceVersion "2"]
[SourceVersionDate "2013.06.25"]
[SourceQuality "1"]

1. d4 Nf6 2. c4 g6 3. Nc3 d5 4. Nf3 Bg7 5. Bg5 Ne4 6. cxd5 Nxg5 7. Nxg5 e6 8. Nh3 exd5 9. Nf4 c6 10. e3 0-0 11. Be2 Qb6 12. Rb1 Re8 13. 0-0 Bf5 14. Bd3 Be6 15. b4 Qd8 16. Na4 Qd6 17. b5 b6 18. bxc6 Nxc6 19. Bb5 Rec8 20. Qd2 Na5 21. Rfc1 Nc4 22. Bxc4 dxc4 23. Nxe6 Qxe6 24. Nc3 Rab8 25. a4 a6 26. Rc2 Rb7 27. Rcb2 Rcb8 28. Qe2 Qc6 29. a5 b5 30. Na2 Bf8 31. Nb4 Bxb4 32. Rxb4 Qc7 33. Qa2 Rc8 34. Rc1 c3 35. Qa3 Qc6 36. f3 Rbc7 37. Rc2 Qe6 38. Kf2 Rc4 39. Ke2 Qf5 40. e4 Qg5 41. g3 Qd8 42. d5 Qc7 43. Rb3 Qe5 44. Qc1 b4 45. Qe3 Rd4 46. Qf4 Qe7 47. Qe3 Rcc4 48. Rbxc3 bxc3 49. Rxc3 Rxe4 50. fxe4 Rxe4 51. Kf3 Rxe3+ 52. Rxe3 Qc5 53. Ke4 f5+ 54. Kf4 Qxd5 0-1

[Event "FRA-ch U14"]
[Site "Montlucon"]
[Date "2011.04.18"]
[Round "3"]
[White "Mangold, Noe"]
[Black "Msellek, Ilyass"]
[Result "0-1"]
[WhiteElo "1831"]
[BlackElo "2083"]
[PlyCount "146"]
[EventDate "2011.04.17"]
[EventType "swiss"]
[EventRounds "9"]
[EventCountry "FRA"]
[SourceTitle "CBM 142 Extra"]
[Source "ChessBase"]
[SourceDate "2011.06.27"]
[SourceVersion "1"]
[SourceVersionDate "2011.06.27"]
[SourceQuality "1"]

1. d4 Nf6 2. c4 g6 3. Nc3 Bg7 4. Bg5 d6 5. e3 0-0 6. Nf3 Nbd7 7. Be2 c6 8. 0-0 h6 9. Bh4 g5 10. Bg3 Nh5 11. Nd2 Nxg3 12. hxg3 f5 13. g4 Nf6 14. gxf5 Bxf5 15. e4 Bg6 16. Bd3 e5 17. d5 c5 18. Be2 h5 19. Qc2 g4 20. g3 Nh7 21. Kg2 Qf6 22. Nb5 Ng5 23. f3 gxf3+ 24. Bxf3 Qe7 25. Rae1 a6 26. Nc3 b5 27. Re2 Qd7 28. Rh1 b4 29. Na4 Rab8 30. b3 Rf7 31. Qd3 Nxf3 32. Nxf3 Bh6 33. Nh4 Bh7 34. Nf3 Rbf8 35. Rf2 Bg6 36. Nb2 Kh7 37. Qe2 Rf6 38. Nd3 Qf7 39. Nde1 Kg8 40. Kf1 Qh7 41. Rh4 Bg5 42. Rhh2 Qh6 43. Nxg5 Qxg5 44. Qd3 Qg4 45. Rxf6 Rxf6+ 46. Rf2 Rxf2+ 47. Kxf2 Qxe4 48. Qd2 Qd4+ 49. Qe3 Bb1 50. Nf3 Qxe3+ 51. Kxe3 Kg7 52. Nd2 Bf5 53. Nf3 Kg6 54. Nh4+ Kg5 55. Nf3+ Kg4 56. Kf2 Bc2 57. Nd2 a5 58. Nf1 Bb1 59. Nd2 Bg6 60. Nf1 Be4 61. Nd2 Bg6 62. Nf1 Bd3 63. Ne3+ Kh3 64. Kf3 Bb1 65. Nf1 e4+ 66. Kf4 Bxa2 67. Nd2 e3 68. Kxe3 Kxg3 69. Ne4+ Kg4 70. Nxd6 Bxb3 71. Nf7 Kf5 72. Nd6+ Ke5 73. Nf7+ Kf6 0-1